Vr̀ias variv̀eis uma livre abordagem sobre temas relevantes no Direito Brasileiro

Detalles Bibliográficos
Autor principal: Ramos, Franȯis Silva
Formato: eBook
Lenguaje:portugués
Publicado: Sô Paulo : Editora NELPA, 2010
Materias:
Acceso en línea:http://www.vlex.com/source/6777

MARC

LEADER 00000nam a22000007a 4500
005 20130122171439.0
007 cr|||| ||||
008 130122e2010 bl |||||s|||| 00||0 por d
020 |a 8580200504 
035 |a 6777 
040 |a vLex 
090 |c 3581  |d 3581 
100 1 0 |a Ramos, Franȯis Silva 
245 1 0 |a Vr̀ias variv̀eis  |b uma livre abordagem sobre temas relevantes no Direito Brasileiro  |h [Recurso electrn̤ico] 
256 |a Servicio en ln̕ea 
260 |a Sô Paulo :  |b Editora NELPA,   |c 2010 
300 |a 1 Recurso electrn̤ico 
650 0 4 |a Derecho laboral y Seguridad Social  |z Brasil 
650 0 4 |a Derecho constitucional  |z Brasil 
740 |a vLex Libros (Servicio en ln̕ea) 
856 |a Acceso restringido  |u http://www.vlex.com/source/6777 
942 |c BOOK 
999 0 |a Law